Parti Meclisi ve Merkez Yönetim Kurulu Çalışma Yönetmeliği (Record no. 8535)

MARC details
000 -BAŞLIK
Sabit Uzunlukta Kontrol Alanı 01793na a2200445 4500
999 ## - SİSTEM KONTROL NUMARALARI (KOHA)
Koha Biblionumber 8535
Koha Biblioitemnumber 8535
001 - KONTROL NUMARASI
Denetim Alanı 20335
003 - KONTROL NUMARASI IDENTIFIER
Denetim Alanı MIRAKIL
005 - SON İŞLEM TARİHİ VE ZAMANI
Denetim Alanı 20201228125711.0
008 - SABİT-BOY VERİ ELEMANLARI - GENEL BİLGİLER
Sabit Uzunlukta Kontrol Alanı 170118b tu 000 0
035 ## - SİSTEM KONTROL NUMARASI
Sistem Kontrol Numarası 20335
040 ## - KATALOGLAMA KAYNAK
Orijinal Kataloglama Ajansı Milas
Kataloglama Dili tur
Metne Dönüştürmek Ajansı TR-AnCHP
041 ## - DİL KODU
Metin / Ses Parça Veya Ayrı Başlığın Dil Kodu tur
082 ## - DEWEY ONLU SINIFLANDIRMA NUMARASI
Sınıflandırma Numarası CHP 324.2372026
Ürün Numarası C36y 2000
090 ## - SINIFLAMA NUMARASI
Sınıflama Numarası CHP 324.2372026 C36y 2000
110 ## - ANA GİRİŞ - KURUMSAL ADI
Giriş Elemanı Olarak Kurumsal Ad Veya Yargı Alanı Adı Cumhuriyet Halk Partisi (CHP)
222 ## - ANAHTAR ADI
Anahtar Başlık Yönetmelikler
245 ## - BAŞLIK TABLOSU
Başlık Parti Meclisi ve Merkez Yönetim Kurulu Çalışma Yönetmeliği
Başlığın Kalan 2000
Sorumluluk Tablosu, Vb CHP
246 ## - UNVAN FORM VARYING
Başlık Doğru / Kısa Başlığı CHP Parti Meclisi ve Merkez Yönetim Kurulu çalışma yönetmeliği
246 ## - UNVAN FORM VARYING
Başlık Doğru / Kısa Başlığı CHP 2000 yönetmelikleri
246 ## - UNVAN FORM VARYING
Başlık Doğru / Kısa Başlığı Cumhuriyet Halk Partisi yönetmelik
246 ## - UNVAN FORM VARYING
Başlık Doğru / Kısa Başlığı CHP 2000 yönetmeliği
246 ## - UNVAN FORM VARYING
Başlık Doğru / Kısa Başlığı CHP yönetmeliği
260 ## - YAYIN, DAĞITIM, VB
Yayın, Dağıtım, Vb Yeri Ankara
Yayıncı, Dağıtıcı, Vs Adı CHP
Yayın, Dağıtım, Vb Tarihi 2000
300 ## - FİZİKSEL TANIM
Kapsam 20 s.
Boyutlar 21x10 sm.
440 ## - SERİSİ TABLOSU / KATMA GİRİŞİ - BAŞLIK
Başlık Cumhuriyet Halk Partisi yayınları
Bir İşin Parçası / Bölümün İsmi Yönetmelikler
500 ## - GENEL NOT
Genel Not Kütüphaneciden çevrimdışı versiyonu sağlanabilir.
610 ## - KONU KATMA GİRİŞ - TOPLANTI ADI
Giriş Elemanı Olarak Kurumsal Ad Veya Yargı Alanı Adı Cumhuriyet Halk Partisi (CHP)
Alt Birim Merkez Yönetim Kurulu (MYK)
Genel Alt Bölüm Yönetmelikler, 2000
610 ## - KONU KATMA GİRİŞ - TOPLANTI ADI
Giriş Elemanı Olarak Kurumsal Ad Veya Yargı Alanı Adı Cumhuriyet Halk Partisi (CHP)
Genel Alt Bölüm Hukuk ve mevzuat
Kronolojik Alt Bölüm Yönetmelikler
610 ## - KONU KATMA GİRİŞ - TOPLANTI ADI
Giriş Elemanı Olarak Kurumsal Ad Veya Yargı Alanı Adı Cumhuriyet Halk Partisi (CHP)
Alt Birim Parti Meclisi (PM)
Genel Alt Bölüm Yönetmelikler, 2000
651 ## - KONU KATMA GİRİŞ - COĞRAFİ ADI
Coğrafi İsim Türkiye
Genel Alt Bölümü Siyaset ve yönetim
Kronolojik Alt Bölümü 2000-2002
740 ## - KATMA GİRİŞ - KONTROLSUZ İLGİLİ / ANALİTİK BAŞLIK
Kontrol Edilmeyen / İlgili Analitik Başlıktaki 2000 CHP Merkez Yönetim Kurulu çalışma yönetmeliği
740 ## - KATMA GİRİŞ - KONTROLSUZ İLGİLİ / ANALİTİK BAŞLIK
Kontrol Edilmeyen / İlgili Analitik Başlıktaki 2000 CHP Parti Meclisi ve Merkez Yönetim Kurulu çalışma yönetmeliği
740 ## - KATMA GİRİŞ - KONTROLSUZ İLGİLİ / ANALİTİK BAŞLIK
Kontrol Edilmeyen / İlgili Analitik Başlıktaki 2000 Parti Meclisi çalışma yönetmeliği
740 ## - KATMA GİRİŞ - KONTROLSUZ İLGİLİ / ANALİTİK BAŞLIK
Kontrol Edilmeyen / İlgili Analitik Başlıktaki 2000 CHP Parti Meclisi yönetmelikleri
830 ## - SERİSİ EKLENDİ GİRİŞ - ÜNİFORM ADI
Üniforma Başlık CHP yönetmelikleri
942 ## - EKLENDİ GİRİŞ ELEMANLARI (KOHA)
Sınıflandırma Veya Raf Düzeni Kaynak Dewey Decimal Classification
Koha Öğesi Türü Books
999 ## - SİSTEM KONTROL NUMARALARI (KOHA)
Koha Biblioitemnumber 8535
Holdings
Kalıcı Konum Mevcut Konum Edinme Tarihi Edinim Kaynak Toplam Check-Out'Lar Tam Çağrı Numarası Barkod Tarih Son Görülme İtibaren Geçerli Fiyatlar Sigara Kamu Notu Koha Öğesi Türü
CHP Kütüphanesi CHP Kütüphanesi 01/18/2017 Bağış   CHP 324.2372026 C36y 2000 011689 01/18/2017 01/18/2017 Özgün broşür Books